| 000 | 00510cam a2200181ua 4500 | ||
|---|---|---|---|
| 001 | 5387 | ||
| 008 | 120901n ii |||gr||||Z||||||eng | ||
| 020 | _a0-07-070208-X | ||
| 040 | _cMAIN | ||
| 082 | _a005.82 | ||
| 100 |
_aForouzan, Behrouz A., _eAuthor, |
||
| 245 | 1 | 0 |
_aCryptography and network security _cby Behrouz A. Forouzan |
| 250 | _a2nd. | ||
| 260 |
_aNew Delhi: _bTata Mcgraw hill Education Pvt. Ltd., _c2011. |
||
| 300 |
_axiv;702p: _c25cm. |
||
| 700 |
_aMukhopadhyay, Debdeep, _eauthor, |
||
| 942 | _cBK | ||
| 999 |
_c4568 _d4568 |
||